APEC Schools

The Mind club / (Record no. 8200)

000 -LEADER
fixed length control field nam a22 7a 4500
005 - DATE AND TIME OF LATEST TRANSACTION
control field 20191001075916.0
008 - FIXED-LENGTH DATA ELEMENTS--GENERAL INFORMATION
fixed length control field 191001b xxu||||| |||| 00| 0 eng d
020 ## - IDENTIFIER FOR THE MANIFESTATION
Identifier for the Manifestation 9780143110026
Binding paperback
040 ## - CATALOGING SOURCE
Language of Cataloging eng
Transcribing Agency APEC Schools Library
Description Conventions rda
082 ## - DEWEY DECIMAL CLASSIFICATION NUMBER
Classification number C 150
Author's Number W412m 2016
100 ## - CREATOR
Preferred Name of the Person Wegner, Daniel M.
245 ## - TITLE AND STATEMENT OF RESPONSIBILITY
Preferred Title Proper The Mind club /
Statement of Responsibility/Parallel Statement of Responsibility Daniel M. Wegner
264 ## - PUBLICATION STATEMENT
Place of publication, distribution, etc New York, NY :
Publisher's Name/Parallel Publisher's Name Penguin Books,
Copyright ©2016.
300 ## - PHYSICAL DESCRIPTION
Extent 388 pages :
Illustrative Content illustrations ;
336 ## - RDA CONTENT
Source rdacontent
Content Type text
337 ## - RDA MEDIA
Source rdamedia
Media Type unmediated
338 ## - RDA CARRIER
Source rdacarrier
Carrier Type volume
504 ## - BIBLIOGRAPHY, ETC. NOTE
Bibliography, etc Includes bibliographical references and index.
650 ## - ADDED SUBJECT ACCESS POINT - TOPICAL TERM
Topical Term Psychology.
650 ## - ADDED SUBJECT ACCESS POINT - TOPICAL TERM
Topical Term Psychology, Comparative.
942 ## - ADDED ENTRY ELEMENTS (KOHA)
Source of Classification
Koha Item Type Non Fiction
Holdings
Library Site Location Shelving Location Source of Acquisition Full Classification Number Accession Number Koha Item Type
APEC Bacoor Library APEC Bacoor Library Circulation Institutional Fund C 150 W412m 2016 B04-0000450 Non Fiction
APEC C. Raymundo Library APEC C. Raymundo Library Circulation Institutional Fund C 150 W412m 2016 A07-0000340 Non Fiction
APEC Calumpang Library APEC Calumpang Library Circulation Institutional Fund C 150 W412m 2016 B10-0000396 Non Fiction
APEC Dasmarinas Library APEC Dasmarinas Library Circulation Institutional Fund C 150 W412m 2016 B03-0000423 Non Fiction
APEC Doña Juana Library APEC Doña Juana Library Circulation Institutional Fund C 150 W412m 2016 A02-0000169 Non Fiction
APEC España Library APEC España Library Circulation Institutional Fund C 150 W412m 2016 B11-0000291 Non Fiction
APEC Grace Park West Library APEC Grace Park West Library Circulation Institutional Fund C 150 W412m 2016 A09-0000374 Non Fiction
APEC JRU Lipa Library APEC JRU Lipa Library Circulation Institutional Fund C 150 W412m 2016 B12-0000464 Non Fiction
APEC Las Piñas Library APEC Las Piñas Library Circulation Institutional Fund C 150 W412m 2016 C01-0000349 Non Fiction
APEC Concepcion Dos Library APEC Marikina Heights Library Circulation Institutional Fund C 150 W412m 2016 C02-0000315 Non Fiction
APEC Marikina Heights Library APEC Marikina Heights Library Circulation Institutional Fund C 150 W412m 2016 A08-0000291 Non Fiction
APEC Muntinlupa Library APEC Muntinlupa Library Circulation Institutional Fund C 150 W412m 2016 B01-0000330 Non Fiction
APEC North Fairview Library APEC North Fairview Library Circulation Institutional Fund C 150 W412m 2016 A04-0000307 Non Fiction
APEC Taytay Library APEC Taytay Library Circulation Institutional Fund C 150 W412m 2016 B08-0000330 Non Fiction

Powered by Koha